000 00344nam a2200157Ia 4500
100 _aKhurmi/R.S
650 _aMachine Design
942 _cBK
366 _f14
654 _amachine design
245 _aText book of Machine Design
260 _bS.Chand & C0
_c2005
082 _a621.815
_bKHU
546 _aENGLISH
_cInfo.Tech
999 _c31007
_d31007